000 00535nam a2200193Ia 4500
003 GCL
008 140319s9999 xx 000 0 ara d
040 _aGCL /
_cGCL
082 0 4 _a155.924
_bم ر
100 1 _aمحمود عبدالحليم منسى
245 1 0 _aالروض وابداع الاطفال /
_cمحمود عبدالحليم منسى
300 _a197 ص
490 _aكتاب
_v0
650 0 4 _aالاسرة
650 0 4 _aالاطفال
650 0 4 _aالابتكار
650 0 4 _aالابداع
942 _2ddc
_cBK
999 _c42981
_d42981